01073nmc a2200337 a 4500003001200000005001700012008004100029020001800070040001600088245006900104250001200173260003800185300001100223490007300234650003500307650002700342650003300369650001900402650002400421650002700445650002300472650002300495650001200518653002100530700003000551700003300581700003200614700003200646700003400678800002300712AR-Y00000XR20251128211935.0117020s2004 ||||||||||||||000 | spa|| a84-7432-939-6 cAR-Y00000XR10aLa exclusiónbbordeando sus fronteras : definiciones y matices a1ª ed. aBarcelonabEditorial Gedisac20040 a220 p. 0aBiblioteca de educación. Pedagogía social y trabajo socialvv. 5 4aORGANIZACIONES DE LA COMUNIDAD 4aESTRATIFICACION SOCIAL 4aDERECHOS CIVILES Y POLITICOS 4aDISCRIMINACION 4aMARGINALIDAD SOCIAL 4aSOCIEDAD CONTEMPORANEA 4aPROBLEMAS SOCIALES 4aDESIGUALDAD SOCIAL 4aPOBREZA 0aEXCLUSION SOCIAL1 aKarsz, Saülecompilador1 aAutès, Michelecolaborador1 aCastel, Robertecolaborador1 aRoche, Richardecolaborador1 aSassier, Moniqueecolaborador1 aNúñez, Violeta